[Event "Stay Safe Play From Home 362"]
[Site "Emanuel Lasker Arena"]
[Date "2020.08.06"]
[Round "3"]
[White "Klasman"]
[Black "Greblha"]
[Result "0-1"]
[WhiteElo "1401"]
[BlackElo "1955"]
[Annotator "TA"]
[PlyCount "50"]
[EventDate "2020.08.06"]
[EventType "swiss (blitz)"]

{[%evp 9,50,-25,-18,-22,2,0,81,70,69,-66,87,86,97,97,100,95,243,226,224,77,203,81,240,127,128,117,158,125,472,470,508,494,718,408,392,0,0,0,517,333,378,363,315]} 1. f4 c6 2. c4 d5 3. cxd5 cxd5 4. d4 Nc6 5. Nf3 Nf6 6. e3 {A03: Bird's Opening with 1...d5.} Ne4 7. Nc3 Bg4 {[#]} (7... e6 $11 {remains equal.}) 8. Qb3 $146 {[#] And now Nxe4 would win.White is better.} ({Predecessor:} 8. Be2 e6 9. Bd2 Bxf3 10. Bxf3 f5 11. O-O Nxc3 12. Bxc3 {½-½ (59) Pindes,R-Sturc,J (2013) Slovakia 2009}) 8... Nxc3 9. Qxb7 (9. bxc3 $14 Rb8 10. Bd3) 9... Qc8 $2 (9... Na5 $15 {stays ahead.} 10. Qb4 Ne4 11. Bb5+ Bd7) 10. Qxc8+ Rxc8 11. bxc3 Bxf3 12. gxf3 f6 (12... e6 $16) 13. Bh3 $18 Rc7 14. Ba3 (14. Be6 $18 {has better winning chances.}) 14... Na5 (14... e5 $16 15. Bxf8 Rxf8) 15. Rb1 (15. Be6 $18 {is more deadly.}) 15... Nc4 $2 {[#]} (15... Kf7 $16) 16. Rb8+ ({Only move:} 16. Be6 $18 {Threatening mate with Rb8+.} Nb6 17. Bc5) 16... Kf7 $16 17. Bc5 Nxe3 18. Ke2 $36 {[%mdl 2048] White has strong initiative.} Nc2 $2 {[%mdl 8192]} (18... Nc4 $16) 19. Rc1 $18 Nxd4+ 20. cxd4 e5 (20... g6 $142 21. Rcb1 f5) 21. Rcb1 Bxc5 22. R1b7 $2 ({Not} 22. dxc5 Rxb8 23. Rxb8 Rxc5 $18) (22. Rxh8 $18 Bxd4 23. fxe5) 22... Rxb8 $11 23. Rxc7+ Kg6 $2 {[%mdl 8192]} (23... Be7 $11) 24. f5+ ({Weaker is} 24. Rxc5 Rb2+ 25. Ke1 Rxh2 $18) 24... Kh6 25. dxc5 Rb2+ {[%mdl 32768] Accuracy: White = 37%, Black = 28%. . Loss on time!?} 0-1

[Event "Stay Safe Play From Home 362"]
[Site "Emanuel Lasker Arena"]
[Date "2020.08.06"]
[Round "4"]
[White "NTBT_DHS"]
[Black "AChessPlayer"]
[Result "1-0"]
[WhiteElo "2571"]
[BlackElo "2389"]
[Annotator "TA"]
[PlyCount "101"]
[EventDate "2020.08.06"]
[EventType "swiss (blitz)"]

{[%evp 9,101,42,94,104,120,22,68,70,73,80,75,29,37,12,0,8,14,2,5,8,131,93,116,72,73,35,53,0,77,33,41,30,24,29,64,12,48,17,18,-16,-14,-22,-27,-18,-24,-300,-291,-306,-287,-449,-214,-213,-22,-47,-49,-43,-32,-27,0,0,45,0,10,5,35,-58,-58,-58,-58,-58,436,52,2036,1716,29938,1695,1491,1466,1151,1107,2892,2892,2119,2119,29978,1793,1404,0,1659,1653,29987,29988,29988,29989]} 1. d4 c6 2. Nc3 d6 3. e4 Nd7 4. f4 e5 5. Nf3 Ngf6 (5... Qc7 $14) 6. dxe5 {B07: Pirc Defence: Miscellaneous Systems.} dxe5 7. Nxe5 (7. fxe5 $16 Ng4 8. e6 fxe6 9. Ng5) 7... Nxe5 8. Qxd8+ {White is slightly better.} ({Of course not} 8. fxe5 Qxd1+ 9. Nxd1 Nxe4 $11) 8... Kxd8 9. fxe5 Ng4 10. Bg5+ {[#]} Be7 $146 ({Predecessor:} 10... Ke8 11. Bf4 Bc5 12. Bc4 Bd4 13. Rf1 Be6 14. Bxe6 fxe6 15. Ne2 Bxe5 16. h3 Bxf4 17. Nxf4 {½-½ (59) Batora,M (2001)-Pupak,T (2054) Slovakia 2019}) 11. Rd1+ Ke8 12. Bf4 g5 13. Bg3 h5 14. h3 Nh6 (14... Ne3 $11) 15. Bc4 Be6 16. Bxe6 fxe6 17. O-O Bc5+ 18. Bf2 (18. Kh1 $1 $14) 18... Be7 (18... Bxf2+ $11 {keeps the balance.} 19. Kxf2 (19. Rxf2 Nf7 $11) 19... Rf8+ 20. Ke3 Nf7) 19. Na4 b6 20. c4 (20. b3 {seems wilder.} Rg8 21. Nb2 g4 22. Kh2 gxh3 23. gxh3 Nf7 24. Nd3) 20... Rd8 21. Rxd8+ Kxd8 22. Bd4 (22. c5 $14) 22... Ke8 23. Nc3 c5 24. Be3 Nf7 25. Nb5 {Threatens to win with Nc7+.} Nxe5 26. b3 a6 27. Nc7+ $2 {[%mdl 8192]} (27. Nc3 $11 {and White stays safe.}) 27... Kd7 $19 28. Nxa6 Ra8 29. h4 (29. Nxc5+ $142 Bxc5 30. Bxc5 bxc5 31. Rd1+ Ke7 32. Rd2) 29... gxh4 (29... Rxa6 $142 30. a4 gxh4) 30. Bf4 Ng6 $2 ({Not} 30... Rxa6 31. Bxe5 Rxa2 32. Rf7 $11) (30... Bf6 $19 31. Bxe5 Bxe5 32. Rf7+ Kc6) 31. Rd1+ Kc8 32. Nc7 Rxa2 33. Nxe6 Nxf4 34. Nxf4 $15 {[%mdl 4096] Endgame KRB-KRN} Rb2 35. Nd5 Bg5 36. Nxb6+ Kb7 37. Na4 (37. Nd5 $14) 37... Be3+ 38. Kh2 Rxb3 39. Rf1 Ka6 $2 {[%mdl 8192] [#]} (39... Bd4 $15 {keeps the upper hand.} 40. Rf5 Kc6 41. Rxh5 Rb4 42. Rh6+ Kb7 43. Rh7+ Kb8 44. Nxc5 Bxc5) 40. Rf5 $2 ({Only move:} 40. Rf3 $1 $18 Ka5 {[#]} 41. Nxc5 $1 {[%mdl 576] Pin}) 40... Bf2 $2 {[%mdl 8192]} (40... Rb4 $14 41. Nxc5+ Ka7) 41. Rxf2 $18 {KRN-KR} Ka5 42. Nxc5 (42. Rb2 $142 Kxa4 43. Rxb3 Kxb3 44. e5 Kxc4 45. e6 h3 46. Kxh3 Kb3 47. e7) 42... Rc3 43. Rf5 Kb4 44. Rxh5 Kxc4 45. Ne6 Re3 46. Rxh4 Kd3 47. Nc5+ (47. Rh3 $142 Kxe4 48. Rxe3+ Kxe3 49. Kh3 Kd3 50. Kh4 Ke3 51. Kg5 Ke4 52. Kg4) 47... Kd4 48. Ne6+ $2 (48. Nd7 $18 Re1 49. Kg3) 48... Ke5 $2 {[%mdl 8192]} (48... Kd3 $11 49. Rh3 Rxh3+ 50. Kxh3 Kxe4 51. Nc5+ Ke5) 49. Ng5 Re1 50. Nf3+ {[%mdl 64] Double Attack} Ke6 51. Nxe1 {What a bad dream for Black. Accuracy: White = 32%, Black = 45%.} 1-0

[Event "Stay Safe Play From Home 362"]
[Site "Emanuel Lasker Arena"]
[Date "2020.08.06"]
[Round "4"]
[White "Eidgenosse"]
[Black "Gokerkan"]
[Result "1/2-1/2"]
[WhiteElo "2497"]
[BlackElo "2574"]
[Annotator "TA"]
[PlyCount "132"]
[EventDate "2020.08.06"]
[EventType "swiss (blitz)"]

{[%evp 20,132,11,6,11,-45,0,-10,-8,-59,14,-39,13,10,247,257,283,270,255,112,223,192,240,118,120,119,124,122,109,114,113,8,11,-1,0,-54,-54,-59,-59,-59,-54,-87,-43,-85,-45,-236,-225,-316,-116,-119,-45,-45,-45,-45,-45,-45,-45,-50,-45,-50,-49,-520,-462,-339,-302,-1405,-45,-45,-52,-59,-59,-59,-59,-29962,-29963,-29963,-29955,-29937,0,-29959,-59,-59,-59,-59,-59,-59,-59,-29980,-29977,-29986,-29987,-29988,-8,-8,-8,-8,-8,-8,-8,-8,-8,-8,-8,-8,-8,-8,-8,-8,-8,-8,-8,-8,-8,-8,-8]} 1. Nf3 Nf6 2. g3 e6 3. Bg2 d5 4. O-O Be7 5. d3 O-O 6. Nbd2 c5 7. e4 Nc6 8. Re1 dxe4 9. dxe4 e5 10. c3 Qc7 11. Qe2 Rd8 {C00: French: Unusual White 2nd moves.} 12. a4 (12. Nc4 $11) 12... h6 13. Nc4 Be6 14. Nh4 (14. Nfd2 $11) 14... b6 (14... Bxc4 $1 $15 15. Qxc4 Na5) 15. Ne3 {[#]} (15. Nf5 $11) 15... a6 $146 (15... Na5 $15) ({Predecessor:} 15... Rd7 16. Nhf5 Bf8 17. Qf3 Rad8 18. Nxh6+ Kh7 19. g4 Ne8 20. Nhf5 g6 21. Ng3 Be7 {1-0 (30) Turian,H (1914)-Puff,L (1994) St Veit 2018}) 16. Nhf5 $11 b5 $2 (16... Na5 $11 {and Black stays safe.}) 17. axb5 $18 axb5 18. Rxa8 Rxa8 19. Nxe7+ ({Don't do} 19. Qxb5 $6 Kf8 $16) (19. Nd5 $1 $18 {[%cal Rd5c7] and the rest is easy.} Qd8 20. Nfxe7+ Nxe7 21. Nxf6+ (21. Qxb5 Nfxd5 22. exd5 {[%mdl 64] Discovered Attack} Bxd5 $16) 21... gxf6 22. Bxh6) 19... Qxe7 (19... Nxe7 $16 20. Qxb5 Ra1) 20. Qxb5 Qd7 21. Nd5 (21. Qxc5 $18 {Strongly threatening Nd5.} Ra5 22. Qb6) 21... Nxd5 $16 22. exd5 Bxd5 23. Rd1 Bc4 24. Rxd7 Bxb5 25. Rd1 ({Better is} 25. c4 $1 $16 {[%cal Rc4b5]} Ba4 26. Rc7 (26. b3 Bxb3 27. Bb2 Ra2 $11)) 25... Ra1 $11 26. Bf1 Bxf1 27. Rxf1 {[%mdl 4096] Endgame KRB-KRN} (27. Kxf1 $11 c4 28. Ke2) 27... c4 28. Be3 Rxf1+ 29. Kxf1 $15 {KB-KN} f5 30. f4 Kf7 31. Ke2 Ke6 32. Kd2 $2 (32. fxe5 $15 Nxe5 33. Bb6) 32... Kd5 $1 $19 33. Kc2 (33. h4 {was called for.}) 33... exf4 $2 (33... Ke4 $1 $19 {[%cal Re4e3] is more deadly.} 34. Bc1 Kf3 35. fxe5 Nxe5) 34. Bxf4 $17 Na5 (34... g5 $17 35. Bc7 Ne5) 35. h4 $15 Nb3 36. h5 Ke4 37. Bd6 Kf3 38. Bf8 Kg4 39. Bxg7 Kxh5 40. Be5 $2 {[%mdl 8192]} (40. Bf8 $15) 40... Kg4 $19 41. Bd6 h5 42. Be5 $2 (42. Kd1 Na5 43. Bb8) 42... h4 $2 ({Black should play} 42... Nc5 $19 {And now ...Ne4 would win.} 43. Kd2 Ne4+ 44. Ke1 Nxg3) 43. gxh4 $15 Kxh4 44. Kd1 Kg4 45. Ke2 f4 46. Bd6 $2 {[%mdl 8192]} (46. Bd4 $15) 46... f3+ 47. Kf2 Nd2 48. Ke3 {[#]} Nb3 $2 (48... Ne4 $1 {[%mdl 512]} 49. Bc7 (49. Kxe4 f2) 49... Nc5 50. Kf2 Nd3+ 51. Kf1 Nxb2 52. Ke1 Nd3+ 53. Kf1 Nf4 54. Be5 Nd5 55. Kf2 Nb6 56. Kf1 Na4 57. Ke1 Nb2 58. Bd6 Kf5 59. Kf2 Ke4 60. Ke1 Nd3+ 61. Kd2 Nf4 62. Bc5 Ne2 63. Be3 Kf5 64. Ba7 Kg4 65. Bf2 Kh3 66. Ke3 Kg2 67. Be1 Ng3 68. Kd4 Nf5+ 69. Ke4 Kf1 70. Bg3 Nxg3+ 71. Kxf3 Ke1 72. Kf4 Ne2+ 73. Ke5 Kd2 74. Ke4 Kxc3 75. Ke3 Kb3 76. Ke4 c3 77. Kf3 c2 78. Ke4 c1=Q 79. Kd5 Qh6 80. Ke5 Qg6 81. Kd5 Qf6 82. Kc5 Nd4 83. Kd5 Kc3 84. Ke4 Qf5+ 85. Ke3 Qf3#) 49. Bh2 $2 {[%mdl 8192]} (49. Kf2 $11) 49... Nc1 $2 (49... Kh3 50. Bg1 Kg2 51. Bf2 Nc5 52. Bh4 Na4 53. Bf2 Nxb2 54. Bh4 Nd3 55. Kd4 Kh3 56. Ke3 Kxh4 57. Kxf3 Nb2 58. Kf4 Kh3 59. Kf3 Kh2 60. Kf2 Nd3+ 61. Ke3 Kg2 62. Ke4 Nb2 63. Kf4 Kf2 64. Ke4 Kg2 65. Ke3 Nd3 66. Kd4 Nb2 67. Ke3 Nd3) 50. Bg1 $1 Kg3 $1 {[%cal Rg3g2]} 51. Kd2 $1 {[%cal Rd2c1]} Kg2 52. Be3 Nb3+ 53. Kc2 $2 {[%mdl 8192]} (53. Ke1 $15) 53... Na5 54. b4 cxb3+ 55. Kb2 f2 $2 {[#]} (55... Nc4+ {mates} 56. Kxb3 Nxe3 57. Ka3 f2 58. Kb4 f1=Q 59. Kc5 Qd3 60. c4 Qxc4+ 61. Kd6 Qd5+ 62. Kc7 Nc4 63. Kc8 Qc6+ 64. Kd8 Qb7 65. Ke8 Ne5 66. Kf8 Qf7#) 56. Bxf2 $1 $11 {[%mdl 512] The position is equal.} Kxf2 {[#] KN-KP} 57. c4 $1 {[%mdl 512]} Ke3 (57... Nxc4+ 58. Kxb3) 58. c5 Kd4 {[#] ( -> ...Kc4)} 59. c6 $1 {[%mdl 512]} Nc4+ (59... Nxc6 {feels hotter.} 60. Kxb3 Kd5 61. Ka3 Kc4 62. Ka4 Kc5) 60. Kxb3 Nb6 61. Kb4 Nc8 62. Kb5 Kd5 63. Ka6 Kd6 64. Kb7 Ne7 65. c7 Kd7 66. c8=Q+ Nxc8 {Both players deserved the win here. Accuracy: White = 49%, Black = 61%.} 1/2-1/2

[Event "Stay Safe Play From Home 362"]
[Site "Emanuel Lasker Arena"]
[Date "2020.08.06"]
[Round "4"]
[White "Uber_WING"]
[Black "Nuktotitakoi"]
[Result "0-1"]
[WhiteElo "2452"]
[BlackElo "2489"]
[Annotator "TA"]
[PlyCount "124"]
[EventDate "2020.08.06"]
[EventType "swiss (blitz)"]

{[%evp 9,123,33,44,33,32,36,42,17,37,6,8,1,-5,-1,18,18,14,-6,2,0,0,-14,-20,-113,0,-160,-98,-258,-269,-279,-293,-308,-285,-355,-306,-284,-260,-239,82,-183,-134,-181,0,-201,-143,-1137,-981,-1541,-1536,-1510,-1523,-1963,-1440,-1255,-1141,-29973,-29974,-29983,-2038,-29989,-29990,-29990,-29991,-29993,-29994,-29994,-29991,-29991,-29991,-29992,-29992,-29992,-29980,-29980,-29980,-29985,-29980,-29980,-29981,-29980,-29981,-29983,-29984,-29984,-29985,-29985,-29986,-29986,-29986,-29990,-29991,-29991,-29992,-29992,-29992,-29992,-29993,-29993,-29994,-29995,-29995,-29995,-29994,-29994,-29995,-29996,-29996,-29996,-29997,-29997,-29998,-29998,-29998,-29998,-29999,-29999]} 1. e4 d6 2. Nc3 Nf6 3. g3 g6 4. Bg2 h5 5. h3 {[#]} Bg7 $146 ({Predecessor:} 5... Nc6 6. d3 Bg7 7. Bg5 Nh7 8. Be3 Nd4 9. f4 c5 10. Nf3 Bd7 11. O-O Qc8 {½-½ (67) Chen,H (2293)-Lee,M (2395) Los Angeles 2011}) 6. d3 {B07: Pirc Defence: Miscellaneous Systems.} c5 7. Be3 Nc6 8. Qd2 {White is slightly better.} Rb8 9. Nge2 b5 10. f4 b4 11. Nd1 {Black must now prevent e5.} Bb7 12. O-O O-O 13. c3 a5 $36 {[%mdl 2048] Black is more active.} 14. f5 Ne5 15. Nf4 g5 16. Ne2 (16. Nd5 $1 $11) 16... g4 (16... d5 $1 $17 {[%cal Rd5e4]} 17. exd5 Bxd5 18. Bxd5 Qxd5 19. Bxg5 Nf3+ 20. Rxf3 Qxf3) 17. h4 $2 (17. Bh6 $11) 17... c4 ({Black should play} 17... d5 $1 {[%cal Rd5e4]} 18. Bh6 Bxh6 19. Qxh6 Nxd3) 18. d4 $2 {[#]} (18. Nf4 $17 {keeps fighting.}) 18... Nf3+ $1 $19 {[%mdl 512]} 19. Bxf3 gxf3 20. Rxf3 Nxe4 21. Qc1 bxc3 22. bxc3 Nf6 23. Rf1 e6 $2 (23... Qc7 $19 24. d5 e5 25. fxe6 fxe6) 24. Nf4 $2 {[%mdl 8192]} (24. Bh6 $1 $16 {is necessary to keep the advantage. Hoping for Qg5!} Bxh6 25. Qxh6) 24... exf5 25. Qd2 Ng4 $2 ({Better is} 25... Re8 $19 {aiming for ...Qe7.} 26. Rb1 Ba8 27. Rxb8 Qxb8) 26. Qe2 $2 (26. Nxh5 $11 {and White has nothing to worry.} Qe7 27. d5 Bxd5 28. Rxf5) 26... Qe8 27. Nxh5 $2 {[%mdl 8192] [#]} (27. d5 $17) 27... Qe4 $1 {[%csl Gb7][%cal Re4h1][%mdl 512]} 28. Rf3 Qxf3 29. Qxf3 Bxf3 30. Bf4 Bxd1 31. Rxd1 Rb2 32. Bxd6 Re8 33. Nf4 {[#]} Bh6 (33... Re3 $142 $1 34. Nd5 Ree2 35. Nf4 Rec2 36. Ba3 Rxa2 37. Bc5 Rxc3 38. Nh5 Bh6 39. d5 Rd3 40. Rb1 c3 41. Re1 c2 42. Ba3 Be3+ 43. Kf1 c1=Q 44. Nf6+ Kg7 45. Bf8+ {[%mdl 64] Decoy} Kxf8 46. Nh7+ {[#]} Kg7 $1 {[%mdl 512]} 47. Rxc1 Nh2+ 48. Ke1 Bf2#) 34. Ba3 Rxa2 {Black mates.} 35. Bc1 Bxf4 36. Bxf4 Ree2 37. d5 Rg2+ 38. Kh1 Rh2+ 39. Kg1 Rag2+ 40. Kf1 Rh1+ 41. Kxg2 Rxd1 42. d6 Nf6 43. Kf3 Ne4 44. Ke2 Rxd6 45. Bxd6 Nxd6 {[%mdl 4096] Endgame KN-K3P} 46. Kd2 a4 47. Kc2 Nb5 48. Kb2 Kg7 49. g4 fxg4 {KN-KPP} 50. Kc2 g3 51. Kd2 a3 52. Ke3 a2 53. Ke4 a1=Q 54. Kf3 Qxc3+ 55. Kg2 Qd4 56. Kxg3 c3 57. Kh3 c2 58. h5 c1=Q 59. h6+ Kh8 60. Kg2 Qcc3 61. Kf1 Qdd2 {[%cal Rc3c1]} 62. Kg1 Qcc1# {Accuracy: White = 39%, Black = 65%.} 0-1

[Event "Stay Safe Play From Home 362"]
[Site "Emanuel Lasker Arena"]
[Date "2020.08.06"]
[Round "4"]
[White "Lamborghini"]
[Black "SelamiSahin"]
[Result "1-0"]
[WhiteElo "2300"]
[BlackElo "2124"]
[Annotator "TA"]
[PlyCount "115"]
[EventDate "2020.08.06"]
[EventType "swiss (blitz)"]

{[%evp 13,115,15,13,9,17,12,44,46,69,64,69,64,83,52,46,50,151,55,60,35,42,4,14,6,10,6,45,28,17,4,29,6,37,2,2,-79,-71,-100,-94,-104,-93,-133,-96,-186,-48,-67,4,0,22,14,22,-66,34,39,207,197,190,-14,19,0,16,-9,-11,-26,0,-18,0,-384,8,-20,-23,-129,-136,-129,-129,-110,-8,-254,-8,-8,9,0,1273,1169,1356,1185,1677,1597,6053,5143,29989,29971,29968,29963,29978,29979,29978,29982,29983,0,29992,29991,29992,29993]} 1. e4 c6 2. d4 d5 3. Nc3 dxe4 4. Nxe4 Nf6 5. Nxf6+ exf6 6. Bc4 Bd6 7. Qe2+ Qe7 {7...Be7 is the modern continuation.} 8. Qxe7+ {B15: Caro-Kann: 3 Nc3: 3...g6 and 3...dxe4 4 Nxe4 Nf6 5 Nxf6+ exf6.} Bxe7 9. Ne2 Bd6 10. Bf4 {White is slightly better.} Bxf4 11. Nxf4 O-O 12. O-O-O {[#]} Bf5 $146 ({Predecessor:} 12... b5 13. Bb3 a5 14. a3 Na6 15. Rhe1 Rd8 16. Re7 Rf8 17. Rde1 a4 18. Ba2 Bf5 19. f3 Rad8 {1-0 (39) Santos,M (2311)-Hirota da Silva,N (2108) Sao Paulo 2004}) 13. h3 Nd7 14. g4 Bg6 ({Better is} 14... Be4 $14) 15. h4 (15. f3 $1 $16) 15... Be4 16. Rhg1 Rfe8 17. g5 fxg5 18. hxg5 Nb6 19. Bb3 Nd5 20. Nxd5 Bxd5 21. c4 Bf3 22. Rde1 Rad8 23. Rxe8+ (23. Re3 $5 {[%cal Re3f3]} Bh5 24. Rge1 $11) 23... Rxe8 $14 {[%mdl 4096] Endgame KRB-KRB} 24. d5 (24. Rg3 $11 Bh5 25. d5) 24... cxd5 $17 25. Rg3 dxc4 $1 26. Bxc4 Bc6 27. Rc3 Kf8 28. b4 (28. Kd2 $17) 28... a6 {[#]} ({Black should try} 28... Re5 $1 $19 29. f4 Rf5) 29. Bxa6 $1 $15 {[%mdl 512]} Ra8 (29... Re5 $15 30. a4 g6) (29... bxa6 30. Rxc6) 30. Bc4 $11 Ra4 31. a3 Ra8 32. Bb3 (32. Kc2 $11) 32... Re8 (32... Rxa3 $15 33. Kb2 Ra6) 33. a4 $14 Re4 $2 (33... Ke7 $14) 34. b5 $18 Be8 35. Re3 $2 ({White should play} 35. Rc8 $18) 35... Rf4 36. Re2 Rf5 37. Kb2 Rxg5 38. Kc3 h6 39. Kb4 h5 40. a5 $2 {[%mdl 8192]} (40. f4 $11 {and White has nothing to worry.} Rf5 41. Ka5) 40... h4 $2 (40... Rxb5+ $19 41. Kc3 Rxa5) 41. Bc4 h3 42. Re3 {[#]} (42. Re1 $1 $11) 42... Rh5 $1 $17 43. Re1 h2 44. Rh1 g5 (44... Ke7 $17 {Threatens to win with ...Kd6.} 45. Be2 Rh3) 45. Be2 $2 {[#]} (45. Kc5 $1 $11 g4+ 46. Kb6) 45... Rh4+ $2 (45... g4 $1 $19 {[%mdl 512] White must now prevent ...Bd7.} 46. Kc3 (46. Bxg4 Rh4) 46... Bxb5 47. Bxb5 Rxb5 48. Rxh2 Rxa5) 46. Kc5 $11 {a6 is the strong threat.} Bd7 47. Bf3 Bf5 $2 {[%mdl 8192]} ({Not} 47... Bc8 $2 48. Kb6 $16) (47... g4 $11 48. Bxb7 Rh5+ 49. Kd4 Rxb5) 48. Bxb7 $18 g4 49. a6 g3 50. a7 g2 51. Bxg2 Be4 52. a8=Q+ Bxa8 53. Bxa8 {KRB-KR} Rf4 54. Bd5 Rxf2 55. b6 {[%cal Bb5b6,Bb6b7][%mdl 32]} Ke7 56. Rxh2 $2 (56. b7 {mates} Rb2 57. Rxh2 Rb1 58. Rh8 Kf6 59. Rh6+ Kf5 60. Rb6 Rc1+ 61. Bc4) 56... Rf5 $2 {[%mdl 8192]} (56... Rxh2 $11 57. b7 Rh8) 57. Re2+ Kf6 58. b7 {Accuracy: White = 55%, Black = 39%.} 1-0

[Event "Stay Safe Play From Home 362"]
[Site "Emanuel Lasker Arena"]
[Date "2020.08.06"]
[Round "4"]
[White "SoulofWolf"]
[Black "Sfantul321"]
[Result "1-0"]
[WhiteElo "2285"]
[BlackElo "1985"]
[Annotator "NA RC"]
[PlyCount "101"]
[EventDate "2020.08.06"]
[EventType "swiss (blitz)"]

1. d4 {[%emt 0:00:00]} g6 {[%emt 0:00:00]} 2. Nf3 {[%emt 0:00:00]} Bg7 {[%emt 0:00:00]} 3. g3 {[%emt 0:00:01]} d6 {[%emt 0:00:00]} 4. Bg2 {[%emt 0:00:01]} Nf6 {[%emt 0:00:00]} 5. O-O {[%emt 0:00:01]} O-O {[%emt 0:00:00]} 6. Re1 {[%emt 0:00:00]} c5 {[%emt 0:00:01]} 7. b3 {[%emt 0:00:00]} cxd4 {[%emt 0:00:01]} 8. Bb2 {[%emt 0:00:00]} e5 {[%emt 0:00:01]} 9. e3 {[%emt 0:00:00]} dxe3 {[%emt 0:00:01]} 10. Rxe3 {[%emt 0:00:01]} Nc6 {[%emt 0:00:01]} 11. h3 {[%emt 0:00:00]} Be6 {[%emt 0:00:02]} 12. c4 {[%emt 0:00:01]} Re8 {[%emt 0:00:02]} 13. Nc3 {[%emt 0:00:00]} a6 {[%emt 0:00:01]} 14. Rc1 {[%emt 0:00:00]} Qa5 {[%emt 0:00:02]} 15. Rc2 {[%emt 0:00:02]} Rad8 {[%emt 0:00:01]} 16. a3 {[%emt 0:00:01]} Qc7 {[%emt 0:00:02]} 17. Rd2 {[%emt 0:00:01]} Rd7 {[%emt 0:00:03]} 18. Red3 {[%emt 0:00:01]} Red8 {[%emt 0:00:01]} 19. Ng5 {[%emt 0:00:09]} Bh6 {[%emt 0:00:01]} 20. h4 {[%emt 0:00:01]} Bxg5 {[%emt 0:00:01]} 21. hxg5 {[%emt 0:00:00]} Ne8 {[%emt 0:00:02]} 22. Ne4 {[%emt 0:00:01]} d5 {[%emt 0:00:02]} 23. Nc5 {[%emt 0:00:06]} d4 {[%emt 0:00:02]} 24. Nxd7 {[%emt 0:00:02]} Qxd7 {[%emt 0:00:00]} 25. f4 {[%emt 0:00:01]} Bf5 {[%emt 0:00:01]} 26. Bxc6 {[%emt 0:00:01]} Qxc6 {[%emt 0:00:01]} 27. fxe5 {[%emt 0:00:03]} Bxd3 {[%emt 0:00:01]} 28. Rxd3 {[%emt 0:00:00]} b5 {[%emt 0:00:04]} 29. Rxd4 {[%emt 0:00:01]} Qc5 {[%emt 0:00:01]} 30. Kg2 {[%emt 0:00:02]} Rc8 {[%emt 0:00:01]} 31. Qd3 {[%emt 0:00:02]} Qxe5 {[%emt 0:00:02]} 32. Bc3 {[%emt 0:00:06]} Qf5 {[%emt 0:00:03]} 33. Qxf5 {[%emt 0:00:01]} gxf5 {[%emt 0:00:01]} 34. Kf3 {[%emt 0:00:01]} Ng7 {[%emt 0:00:02]} 35. Kf4 {[%emt 0:00:01]} Ne6+ {[%emt 0:00:01]} 36. Ke5 {[%emt 0:00:02]} Nxd4 {[%emt 0:00:00]} 37. Kxd4 {[%emt 0:00:00]} Re8 {[%emt 0:00:01]} 38. c5 {[%emt 0:00:02]} Rd8+ {[%emt 0:00:01]} 39. Ke5 {[%emt 0:00:01]} Kf8 {[%emt 0:00:01]} 40. Bb4 {[%emt 0:00:01]} Ke8 {[%emt 0:00:01]} 41. Kxf5 {[%emt 0:00:00]} Kd7 {[%emt 0:00:01]} 42. Kf6 {[%emt 0:00:00]} Rg8 {[%emt 0:00:02]} 43. Kxf7 {[%emt 0:00:01]} Rxg5 {[%emt 0:00:01]} 44. Be1 {[%emt 0:00:01]} Rg4 {[%emt 0:00:01]} 45. Bf2 {[%emt 0:00:01]} Kc6 {[%emt 0:00:01]} 46. b4 {[%emt 0:00:00]} a5 {[%emt 0:00:01]} 47. Kf6 {[%emt 0:00:01]} axb4 {[%emt 0:00:00]} 48. axb4 {[%emt 0:00:00]} Kd5 {[%emt 0:00:01]} 49. Kf5 {[%emt 0:00:01]} Rxb4 {[%emt 0:00:01]} 50. g4 {[%emt 0:00:00]} Rb2 {[%emt 0:00:01]} 51. g5 {[%emt 0:00:00] Time Time Time Time Time (Lag: Av=0.25s, max=0.8s) (Lag: Av=0.25s, max=0.8s) (Lag: Av=0.25s, max=0.8s) (Lag: Av=0.25s, max=0.8s) (Lag: Av=0.25s, max=0.8s) ' ' ' ' '} 1-0

[Event "Stay Safe Play From Home 362"]
[Site "Emanuel Lasker Arena"]
[Date "2020.08.06"]
[Round "4"]
[White "Buzaglo"]
[Black "Greblha"]
[Result "1-0"]
[WhiteElo "1834"]
[BlackElo "1957"]
[Annotator "TA"]
[PlyCount "121"]
[EventDate "2020.08.06"]
[EventType "swiss (blitz)"]

{[%evp 11,121,-10,8,12,68,60,70,37,39,-3,0,-40,-36,-26,-16,-16,72,43,54,18,20,-366,-380,-907,-452,-426,-332,-437,-345,-391,-375,-437,-443,-393,-441,-400,-411,-726,-722,-772,-765,-766,-759,-860,-826,-1106,-989,-1788,-1734,-1855,-1242,-2478,-2513,-1829,-1726,-1454,-1446,-5089,-4938,-4893,-5051,-29979,-5189,-29984,-29967,-29986,-29972,-29972,-29968,-29974,-29975,-29975,-29976,-29979,-29980,-29978,-29977,-29975,-29976,-29983,-29983,-29984,-29985,-29985,-29984,-29986,-29985,-29986,-29986,-29988,-29987,-29987,-29985,-29988,-29986,-29986,-29986,-29986,-29969,-29971,-29972,-29992,-4589,-4454,-4144,-29986,-29987,-29987,-29978,-29976,-11869,-4153]} 1. d4 c6 2. Nf3 d5 3. g3 Nf6 4. Bg2 Bf5 5. O-O e6 6. Nbd2 Be7 7. Nh4 {D02: 1 d4 d5 2 Nf3 sidelines, including 2...Nf6 3 g3 and 2...Nf6 3 Bf4.} Bg6 (7... O-O $11) 8. Nxg6 $14 hxg6 9. Nf3 {White is slightly better.} Nbd7 {[#]} 10. Bf4 $146 ({Predecessor:} 10. Bg5 Ne4 11. Bxe7 {½-½ (11) Petrenko,S (2195)-Voiska,M (2303) Belgrade 2016}) 10... Ne4 11. Ne5 Nxe5 12. dxe5 f5 (12... g5 $5 {[%cal Rg5f4]} 13. Be3 Bc5 $11) 13. exf6 Nxf6 (13... gxf6 $11 14. c4 f5) 14. Be5 Kf7 15. Qd3 Rh5 16. h4 $2 {[%mdl 8192] [#] This costs White the game.} (16. Bd4 $11) 16... Rxe5 $19 17. f4 $2 (17. c4) 17... Re4 (17... Bc5+ $142 18. Kh1 Re3 19. Qxe3 Bxe3) 18. Bxe4 Nxe4 19. Rae1 Bf6 20. c3 Qb6+ 21. Kg2 Qxb2 22. Rb1 Qxa2 23. Rxb7+ Kg8 24. Rf3 (24. Rfb1 $142) 24... a5 25. Rc7 a4 26. Rxc6 a3 27. f5 gxf5 28. g4 Qd2 29. gxf5 Qxd3 30. Rxd3 exf5 31. Rxd5 a2 32. Rd1 a1=Q 33. Rxa1 Rxa1 34. Kf3 Nxc3 35. Rc8+ Kh7 36. Kf4 Ne4 (36... Nd5+ $142 37. Kg3 Ra3+ 38. Kh2 Nf4 39. Rc4 Bxh4 40. Kh1 Bg3 41. Rxf4 Bxf4 42. Kg2 Kh6 43. Kf1 Kg5 44. Kg1 Kg4 45. Kf2 Bg3+ 46. Kg2 Ra1 47. e3 Ra2+ 48. Kh1 Kh3 49. Kg1 Ra1#) 37. Kxf5 Ra4 38. e3 Ng3+ 39. Ke6 Bxh4 40. e4 Rxe4+ 41. Kd5 Re1 42. Rc7 Bf6 43. Ra7 Kg6 44. Ra6 Nf5 45. Kc4 Ne3+ 46. Kd3 Kf5 47. Ra4 Be5 48. Ra5 g5 49. Ra7 g4 50. Ra8 Kf4 51. Rf8+ Kg3 52. Rg8 Bf4 53. Ke4 Ng2+ 54. Kf5 Rf1 55. Rxg4+ Kf3 56. Rh4 Bd2 (56... Nxh4+ $142 57. Ke6 Rd1 58. Ke7 Bg5+ 59. Kf7 Ke4 60. Ke6 Rd8 61. Kf7 Kf5 62. Kg7 Rd7+ 63. Kf8 Kg6 64. Kg8 Rd8#) 57. Rh3+ Ke2+ 58. Kg4 Ne3+ 59. Kh5 Rf5+ 60. Kg6 Rf8 61. Rh2+ {[%mdl 32768] Accuracy: White = 22%, Black = 73%. . Loss on time!?} 1-0